Movie Titles with Ordinal Numbers - Statistics

General Stats
  • This quiz has been taken 11 times
  • The average score is 4 of 12
Answer Stats
Characters Movie Title % Correct
Susan Walker, Fred Gailey, Kris Kringle Miracle on 34th Street
70%
Camp Counselors Ned, Jack, Bill, Marcie, Alice Friday the 13th
50%
Korben Dallas, Leeloo, Mr. Zorg The Fifth Element
50%
Dr. Malcolm Crowe, Cole Sear, Tommy Tammisimo The Sixth Sense
50%
Ron Kovic, Timmy Burns, Charlie Born on the Fourth of July
40%
Roy Neary, Claude Lacomb, Jillian Guiler Close Encounters of the Third Kind
30%
Viola, Sebastian, Cesario, Count Orsino Twelfth Night
30%
Dorothea Fields, Jamie, Julie, Abbie Porter, William 20th Century Women
10%
Walter, Garth, Hub, Mae Secondhand Lions
10%
Ahmad Ibn Fadlan, Melchisidek, Buliwyf The 13th Warrior
10%
Dean Corso, Boris Balkan, Andrew Telfer The Ninth Gate
10%
Scott Weston, Anne Scholes, Clay Reynolds Third Degree Burn
10%
No matching quizzes found
Score Distribution
Percent of People with Each Score
Percentile by Number Answered
Your Score History
You have not taken this quiz